Catálogo de la Biblioteca Horacio González - Universidad Nacional de General Sarmiento

Cuentos para nosotros (Registro nro. 18283)

Detalles MARC
000 -CABECERA
campo de control de longitud fija 00833nam a22002770a 4500
001 - NÚMERO DE CONTROL
campo de control PT20758
003 - IDENTIFICADOR DEL NÚMERO DE CONTROL
campo de control AR-LpoUNG
005 - FECHA Y HORA DE LA ÚLTIMA TRANSACCIÓN
campo de control 20260115102150.0
008 - DATOS DE LONGITUD FIJA--INFORMACIÓN GENERAL
campo de control de longitud fija 191001s2005||||ag |||||||||||||||||spa d
020 ## - NÚMERO INTERNACIONAL ESTÁNDAR DEL LIBRO
Número Internacional Estándar del Libro 9879300688
Condiciones de disponibilidad $18.33
040 ## - FUENTE DE LA CATALOGACIÓN
Centro catalogador/agencia de origen AR-LpoUNG
Lengua de catalogación spa
Centro/agencia transcriptor AR-LpoUNG
Normas de descripción aacr
041 ## - CÓDIGO DE LENGUA
Código de lengua del texto/banda sonora o título independiente spa
044 ## - CÓDIGO DEL PAÍS DE LA ENTIDAD EDITORA/PRODUCTORA
Código MARC del país ag
082 0# - NÚMERO DE LA CLASIFICACIÓN DECIMAL DEWEY
Número de clasificación A863 864cue
100 1# - ENTRADA PRINCIPAL--NOMBRE DE PERSONA
Nombre de persona López Casanova, Martina
Término indicativo de función/relación dir.
245 10 - MENCIÓN DE TÍTULO
Título Cuentos para nosotros
250 ## - MENCIÓN DE EDICIÓN
Mención de edición 1ra. ed.
260 ## - PUBLICACIÓN, DISTRIBUCIÓN, ETC.
Lugar de publicación, distribución, etc. Buenos Aires :
Nombre del editor, distribuidor, etc. Universidad Nacional de General Sarmiento,
Fecha de publicación, distribución, etc. 2005.
300 ## - DESCRIPCIÓN FÍSICA
Extensión 159 p. :
Otras características físicas tbls., gráfs.
520 ## - SUMARIO, ETC.
Sumario, etc. Antologia de textos seleccionados por alumnos de la Escuela Media N§ 1 Lisandro de la Torre - Malvinas Argentinas
650 #4 - PUNTO DE ACCESO ADICIONAL DE MATERIA--TÉRMINO DE MATERIA
Término de materia o nombre geográfico como elemento de entrada ARGENTINA
650 #4 - PUNTO DE ACCESO ADICIONAL DE MATERIA--TÉRMINO DE MATERIA
Término de materia o nombre geográfico como elemento de entrada LITERATURA
700 1# - PUNTO DE ACCESO ADICIONAL--NOMBRE DE PERSONA
Nombre de persona Nieto, Facundo
Término indicativo de función/relación dir.
905 ## - ELEMENTOS DE DATOS E LOCAL, LDE (RLIN)
a 20758
942 ## - ELEMENTOS DE PUNTO DE ACCESO ADICIONAL (KOHA)
Tipo de ítem Koha Libro
Fuente del sistema de clasificación o colocación Dewey Decimal Classification
Existencias
Estado de retiro Estado de pérdida Estado dañado No para préstamo Código de colección Localización permanente Ubicación/localización actual Fecha de adquisición Total de préstamos Signatura topográfica completa Código de barras Fecha visto por última vez Precio válido a partir de Tipo de ítem Koha Fuente del sistema de clasificación o colocación
        Colección Ediciones UNGS Biblioteca Universidad Nacional de General Sarmiento Biblioteca Universidad Nacional de General Sarmiento 31/01/2021   A863 864cue CUNGS1224 31/01/2021 31/01/2021 Libro  
Retirado     No es para préstamo Colección Ediciones UNGS Biblioteca Universidad Nacional de General Sarmiento Biblioteca Universidad Nacional de General Sarmiento 31/01/2021   A863 864cue CUNGS1601 31/01/2021 31/01/2021 Libro Dewey Decimal Classification
        Colección General Biblioteca Universidad Nacional de General Sarmiento Biblioteca Universidad Nacional de General Sarmiento 31/01/2021   A863 864cue 00022485 31/01/2021 31/01/2021 Libro  
        Colección General Biblioteca Universidad Nacional de General Sarmiento Biblioteca Universidad Nacional de General Sarmiento 31/01/2021   A863 864cue 00027785 31/01/2021 31/01/2021 Libro  
        Colección General Biblioteca Universidad Nacional de General Sarmiento Biblioteca Universidad Nacional de General Sarmiento 31/01/2021   A863 864cue S00022483 31/01/2021 31/01/2021 Lectura en Sala  
        Colección General Biblioteca Universidad Nacional de General Sarmiento Biblioteca Universidad Nacional de General Sarmiento 22/03/2023   A863 864cue 00068225 22/03/2023 22/03/2023 Libro Dewey Decimal Classification